000 00315nam a2200133Ia 4500
008 190216s9999||||xx |||||||||||||| ||und||
100 _aScarborough James B
245 0 _aNumerical Mathematical Analysis
250 _a6th Ed.
260 _bOxford & I B H
300 _a600p
650 _aMathematics
942 _cBK
999 _c31676
_d31676